00651nam a2200193Ia 4500003000900000008004100009020001800050040001600068080001800084110005000102245007400152260005100226300001700277650001900294650002800313942000700341999001500348952009400363IN-BaIIA211028s9999 xx 000 0 eng d a0-309-021-1-4 cIIA Library a530.1bNAS-2B aUnited States. National Research Council9489 0aPhysics in perspectivebvol. II, pt. B the interfacescRichard Staley aWashingtonbNational Academy of Sciencesc1973 axiii, 1465p. aNASA thesaurus aPhysics - general91580 cBK c8247d8247 00104070aBANbBANcGENd1985-05-02l0o530.1/ NAS-2Bp9091r2021-11-05w1985-05-02yBK